00475nam a2200193 a 4500001001300000003000900013005001700022008004100039020001000080082001800090100001800108245003100126260004200157300000900199500003500208505001000243650001000253700001800263nice12345678IN_TiNIC20260116012221.0050524s1928 oxfa grp 000 0 eng  ac10000a294.5921bURQ aUrquhart, W S aVedanta and Modern Thought aOxfordbOxford University Pressc1928 a256p aincludes index and biblioraphy2 aindex aVedas1 aUrquhart, W S